| 000 | 00695nam a22002417a 4500 | ||
|---|---|---|---|
| 001 | 35360 | ||
| 003 | BD-RjUL | ||
| 005 | 20211209052316.0 | ||
| 008 | 140524s1961 n ||||| |||| 001 0 eng d | ||
| 035 | _a(BD-RjUL)35454 | ||
| 040 |
_aBD-RjUL _beng _cBD-RjUL _dBD-RjUL |
||
| 041 | _aeng | ||
| 082 |
_a519.5 _bNEF 1961 |
||
| 100 | 1 |
_aNeter, John _9107129 |
|
| 245 |
_aFundamental statistics for business and economics / _cJohn Neter & William Wasserman |
||
| 250 | _a2nd. ed. | ||
| 260 |
_aBoston : _bAllyn & Bacon, Inc., _cc1961. |
||
| 300 |
_axiv, 838 p. ; _c25 cm. |
||
| 504 | _aIncludes index. | ||
| 650 |
_aStatistics _9107726 |
||
| 700 |
_aWasserman, William _9107719 |
||
| 942 |
_2ddc _cBK |
||
| 999 |
_c35360 _d35360 |
||